| 000 | 00870nam a22002657a 4500 | ||
|---|---|---|---|
| 001 | 84 | ||
| 005 | 20251119120212.0 | ||
| 006 | a|||||r|||| 00| 0 | ||
| 007 | ta | ||
| 008 | 241010b2016 ag ||||| |||| 00| 0 spa d | ||
| 040 | _aAR-EsCIE | ||
| 082 | _a630 | ||
| 100 | 1 |
_aLoguercio, Gabriel A. _q(Gabriel Angel), _d1962- _947 |
|
| 245 | 1 | 0 |
_aSilvicultura de los bosques de ciprés de la cordillera / _cGabriel A. Loguercio, M. Florencia Urretavizcaya, Marina Caselli. |
| 260 |
_aEsquel : _bCIEFAP, _c2016. |
||
| 300 | _a67 p. | ||
| 490 |
_aManual ; _v15 |
||
| 650 | 4 |
_aAUSTROCEDRUS CHILENSIS _932 |
|
| 650 | 4 |
_aSILVICULTURA _997 |
|
| 700 | 1 |
_aUrretavizcaya, María Florencia, _d1968- _927 |
|
| 700 | 1 |
_aCaselli, Marina, _d1986- _931 |
|
| 856 | _uhttp://www.ciefap.org.ar/digitalizado/Manual_15_Silvicultura_del_cipres.pdf | ||
| 910 | _aPG241010 | ||
| 942 |
_2ddc _cBK _m630 _n0 |
||
| 999 |
_c84 _d84 |
||